Statistics for Hard Harry Potter Quiz

Click here to take the quiz!

General Stats

  • This quiz has been taken 31 times
    (15 since last reset)
  • The average score is 9 of 14

Answer Stats

HintAnswer% Correct
What is Albus Dumbldores full nameAlbus Percival Wulfric Brian Dumbledore
83%
(This should be an easy question for true
hp fans)
Who is the worst Harry Potter character
Dolores Umbridge
75%
What color was Ginnys Pygmy PuffPurple
75%
what is crabbes first namevincent
75%
Who killed them?Voldemort
75%
What is the full name of Lunas dadXenophilius Lovegood
75%
^What is the name of this persons sibling?Alecto Carrow
67%
who is the defence against the dark
arts teacher in book 7
Amycus Carrow
67%
What is the name of the muggle studies
teacher (before they were killed)
Charity Burbage
67%
What is Harrys male best friend full nameRonald Bilius Weasley
67%
what sweet treat does harry smell
in amortentia
treacle tart
50%
What is the name of Ginnys Pygmy PuffArnold
42%
What is the first password for the
Gryffindor common room
Caput Draconis
33%
What is the name of Arogogs wife?mosag
33%

Score Distribution

Percentile by Number Answered

Percent of People with Each Score

Your Score History

You have not taken this quiz since the last reset